000 00617nam a22002057a 4500
005 20150107110727.0
010 _aENG-111501
020 _a9788174878861
_c450.00
020 _a8174878866
_c450.00
035 _aEN-95033
037 _bDBAD/PUB
082 _a354.54
100 _aKantesh Kumar
245 _aChallenges to Indian federalism /
_cby Kantesh kumar
260 _aNew Delhi
_bRadha Publications
_c2014
270 _a4231/1,Ansari Road,Daryaganj
_bNew Delhi
_e110002
300 _aix,182p.
_c22cm(Hb)
500 _aIncludes bibliographical references
942 _2ddc
_cEN
_mKAN
_h354.54
999 _c90558
_d90558